000
00302nam a22001337a 4500
008
180224b xxu||||| |||| 00| 0 eng d
020
_a
9780077296728
041
_a
eng
080
_a
575
100
_a
5
101
_a
BIOK
245
_a
General, Organic, & Biochemistry
_c
Henrickson
942
_2
udc
_c
BK
999
_c
43376
_d
43376